|
|
|
|
| LEADER |
00000nam a2200000Ia 4500 |
| 008 |
170529b1998 c ||||| |||| 00| | spa d |
| 999 |
|
|
|c 1280
|d 1280
|
| 090 |
|
|
|a 04.02.01
|b 1991
|
| 100 |
1 |
|
|a Gómez, Adriana
|9 66
|e Editor/a
|
| 245 |
1 |
0 |
|a Mujeres, vulnerabilidad y VIH/SIDA : un enfoque desde los derechos humanos /
|c Adriana Gómez, ed.
|
| 260 |
|
|
|a Santiago, Chile :
|b Red de salud de las mujeres latinoamericanas y del caribe,
|c 1998
|
| 300 |
|
|
|a 184 páginas
|
| 490 |
|
|
|a Cuadernos mujer salud,
|v no.3
|
| 650 |
1 |
4 |
|a DERECHOS DE LA MUJER
|9 84
|
| 650 |
1 |
4 |
|a SALUD REPRODUCTIVA
|9 62
|
| 650 |
1 |
4 |
|a SIDA
|9 70
|
| 650 |
1 |
4 |
|a DERECHOS REPRODUCTIVOS
|9 1825
|
| 650 |
1 |
4 |
|a MUJERES
|9 55
|
| 942 |
|
|
|i 002327
|h 04.02.01 1991
|2 z
|c 01
|